000 00791nam a2200277 c 4500
003 BLK
005 20180420223911.0
008 180408b bul|||||r ||||||| ||bul||
010 _aKNG00076615000
020 _a1-86105-457-2
_bиздат.: Robson Books
040 _aBLK
041 _aENG
_cENG
080 _aАнглийска литература
_b821.111
_x-32
_z821.111-32
100 1 _aRegan, Geoffrey
_eпърви автор
_922186
139 _aRegan, Geoffrey
_bR 35
245 1 0 _aLet them eat cake!
_cGeoffrey Regan.
257 _aGBR
260 London
_bRobson Books
_c2001
300 _a296 p.
_c20 cm
380 _aX
852 _aЦб 130466
856 4 _qpdf
_u
856 4 _qpdf
_u
942 _cKNG
_n0
944 _aCR
_c30.07.2007
_kЦветанка_Енчева
944 _aED
_c03.08.2007
_k
999 _c72240
_d72240